000 01541nam2a2200265 4500
001 RU\NLR\BIBL_A\011286118
005 20250626035924.0
010 _a978-5-98657-048-8
_bт. 4
021 _aRU
_b2016-87816
_95769
035 _a(NLR Aleph) 011286118
090 _a10894893
_c10894893
100 _a20161202d2015 |||y0rusy50 ca
101 1 _arus
_ceng
102 _aRU
105 _aab z 001zy
200 0 _aТ. 4, ч. 8, 9, 10, гл. 61-89
_f[Peter Libby и др.
_gпер. с англ.: Аверкова А.О. и др.]
210 _aМосква
_cЛогосфера
_d2015
215 _aXXVI, 1755-2489, К-2, П-42
_cил., цв. ил., карт.
320 _aБиблиогр. в конце гл.
320 _aПредм. указ.: с. П-1-П-42
461 0 _1001RU\NLR\bibl\1785115
_12001#$aБолезни сердца по Браунвальду$eруководство по сердечно-сосудистой медицине$f[Stephan Achenbach и др.]$gпод ред. Питера Либби [и др.]$gпер. с англ. [Галявич А.С. и др.]$gпод общ. ред. Оганова Рафаэля Гегамовича$vТ. 4, ч. 8, 9, 10, гл. 61-89
_91666650
_cМосква
_d2010
_f[Stephan Achenbach и др.]
_nРид Элсивер
_oруководство по сердечно-сосудистой медицине
_tБолезни сердца по Браунвальду
_vТ. 4, ч. 8, 9, 10, гл. 61-89
942 _cBOOK
980 _aNB